000 00267nam a2200109Ia 4500
008 200302s9999 xx 000 0 und d
100 _aJames Strike
245 _aConstruction in to Design
260 _bButterworth Architecture Press
260 _c1991
300 _a227 P.,
999 _c832
_d832